000 00599nam a2200241Ia 4500
003 OSt
005 20230411111317.0
008 210423s2005 xx 000 0 und d
020 _a9780230536661
040 _cAL
041 _aeng
082 _a332
_223
_b PILK
100 _aPILBEAM (Keith)
_985972
245 _aFinance and financial markets
250 _a2
260 _aNew York
_bPalgrave
_c2005
300 _axxi,479
_bPB
365 _b1013
_cINR
650 _aEconomics
_985973
650 _aFinancial Economics
_985974
906 _aFinance ; financial ; markets
942 _2ddc
_cBK
999 _c157145
_d157145